Lorenzino de'Medici e la societá cortigiana del cinquecento (Record no. 53949)
[ view plain ]
| 000 -LEADER | |
|---|---|
| campo de control de longitud fija | 00571nam a22001575i 4500 |
| 001 - NÚMERO DE CONTROL | |
| campo de control | 53949 |
| 003 - IDENTIFICADOR DE NÚMERO DE CONTROL | |
| campo de control | ES-MaACL |
| 007 - CAMPO FIJO DE DESCRIPCIÓN FÍSICA--INFORMACIÓN GENERAL | |
| campo de control de longitud fija | t| |
| 008 - DATOS DE LONGITUD FIJA--INFORMACIÓN GENERAL | |
| campo de control de longitud fija | 960710s1891 it ||||1| ita d |
| 040 ## - FUENTE DE CATALOGACIÓN | |
| Centro catalogador/agencia de origen | CAM |
| Lengua de catalogación | spa |
| Centro/agencia transcriptor | CAM |
| 100 1# - ENTRADA PRINCIPAL--NOMBRE DE PERSONA | |
| Nombre de persona | Ferrai, L. A. |
| 9 (RLIN) | 50228 |
| 245 10 - MENCIÓN DEL TÍTULO | |
| Título | Lorenzino de'Medici e la societá cortigiana del cinquecento |
| Resto del título | : con la rime e le lettere di Lorenzino e un'appendice di documenti / |
| Mención de responsabilidad, etc. | L.A. Ferrai. |
| 260 ## - PUBLICACIÓN, DISTRIBUCIÓN, ETC. | |
| Lugar de publicación, distribución, etc. | Milano : |
| Nombre del editor, distribuidor, etc. | Ulrico Hoepli, editor-libraio della Real Casa, |
| Fecha de publicación, distribución, etc. | 1891 ( |
| Fabricante | Tip. Lombardi) |
| 300 ## - DESCRIPCIÓN FÍSICA | |
| Extensión | XVI, 485, [1] p. ; |
| Dimensiones | 20 cm. |
| 852 ## - LOCALIZACIÓN | |
| Ubicación | ES-MaACL |
| Número de control de estantería | G-1862 |
| Estatus retirado | Estado de pérdida | Estado de daño | No para préstamo | Colección | Biblioteca de origen | Biblioteca actual | Ubicación en estantería | Fecha de adquisición | Fuente de adquisición | Total de préstamos | Signatura topográfica completa | Código de barras | Visto por última vez | Precio de reemplazo | Tipo de ítem Koha |
|---|---|---|---|---|---|---|---|---|---|---|---|---|---|---|---|
| Libros del s. XIX | Biblioteca del Ateneo de Madrid | Biblioteca del Ateneo de Madrid | Depósito 2 | 17/01/2008 | G-1862 | 1056698 | 23/02/2023 | 23/02/2023 | Libro impreso antiguo |
